Rend Collective Lyrics - My Lighthouse - Statistics

General Stats
  • This quiz has been taken 56 times
  • The average score is 216 of 273
Answer Stats
Lyrics % Correct
my
97%
My
97%
lighthouse.
90%
you
90%
You
90%
you.
90%
I
87%
me
87%
and
84%
are
84%
the
84%
to
84%
In
81%
in
81%
love
81%
will
81%
lead
77%
shore.
77%
won't
77%
Your
77%
your
77%
carry
74%
great
74%
out.
74%
sea.
74%
through.
74%
through
74%
us.
74%
us
74%
before
71%
brightest.
71%
brings.
71%
darkness.
71%
doubts.
71%
follow
71%
go.
71%
peace
71%
promise.
71%
safe
71%
Safe
71%
troubled
71%
what
71%
Fire
68%
Shining
68%
tomorrow
68%
trust
68%
wrestling
68%
You're
68%
failures
65%
hold.
65%
let
65%
truth
65%
walk
65%
With
65%
each
61%
fear
61%
morning
61%
rise
61%
sing.
58%
storms.
58%
God's
55%
I'll
55%
questions
55%
silence
55%
No matching quizzes found
Score Distribution
Percent of People with Each Score
Percentile by Number Answered
Your Score History
You have not taken this quiz